Pokemon based on Pokedex entries - Statistics

General Stats
  • This quiz has been taken 6,616 times
    6,604 since last reset
  • The average score is 9 of 20
Answer Stats
Hint Answer % Correct
A Pokemon created by recombining Mew's genes. It's said to have the most savage heart of all Pokemon Mewtwo
86%
The spoons clutched in its hands are said to have been created by its psychic powers Alakazam
83%
A kindly Pokemon that lays highly nutritious eggs and shares them with injured people and Pokemon Chansey
79%
The biggest of all Pokemon. It can dive to a depth of almost 10,000 feet on only one breath Wailord
76%
A Pokemon that lives underground. Because it lives underground, it is repelled by bright sunlight Diglett
68%
When at an all out gallop, its blazing mane sparkles, enhancing its beautiful appearance Rapidash
67%
It occasionally uses an electric shock to recharge a fellow ******* in a weakened state Pikachu
63%
It is said to have emerged from a place where there was nothing, then shaped the world Arceus
62%
The heads on their arms do not have brains. They use all three heads to consume and destroy everything Hydreigon
48%
Its sharp fangs puncture the toughest of hides, and have small holes for greedily sucking blood Golbat
46%
By flapping its wings with all its might, ******* can make a gust of wind capable of bending tall trees Pidgeot
44%
Suction from its nostrils enables it to stick to cave walls during sleep. It leaves a heart shaped mark behind Woobat
40%
As a result of its long held dream of flying, its cellular structure changed, and wings grew out Salamence
32%
It loves to lurk inside holes in rocks. It sometimes sprays ink onto its prey by sticking out only its mouth Octillery
27%
A comparison revealed that ******* teeth grow at the same rate as ratata's Bidoof
18%
To alert it, the fin on its head senses flowing water. It has the strength to heft boulders Mudkip
15%
It spouts poison spores from the top of its head. These spores cause pain all over if inhaled Shroomish
13%
It marks time precisely. Some countries consider it to be a wise friend, versed in the ways of the world Hoothoot
11%
It loves vengeful emotions and hangs in rows under the eaves where vengeful people live Shuppet
11%
They photosynthesize by bathing their tails in sunlight. When they are unhappy, their tails droop Snivy
6%
No matching quizzes found
Score Distribution
Percent of People with Each Score
Percentile by Number Answered
Your Score History
You have not taken this quiz since the last reset